| 000 | 00515nam a22001577a 4500 | ||
|---|---|---|---|
| 020 | _a9789380943602 | ||
| 082 |
_aS 305.512 2 _bJWA/J |
||
| 245 |
_aJatibhaskar brahman, kshetriya, vaishya aur mishrakhand (bhasha teeka sahit)/ _cby Jwalaprasad Mishra (ed.) |
||
| 260 |
_aNewdelhi: _bAryavrita sanskriti sansthan, _c2018. |
||
| 300 | _a623p. | ||
| 650 |
_aCaste system _9102384 |
||
| 650 |
_aSocial classes _9102385 |
||
| 650 |
_aSocial Sciences _9102386 |
||
| 700 |
_aJwalaprasad Mishra (ed.) _9102387 |
||
| 942 | _cBK | ||
| 999 |
_c140798 _d140798 |
||